Despilfarro; el escándalo global de la comida /
Պահպանված է:
| Հիմնական հեղինակ: | |
|---|---|
| Ձևաչափ: | Գիրք |
| Լեզու: | Spanish |
| Ցուցիչներ: |
Ավելացրեք ցուցիչ
Չկան պիտակներ, Եղեք առաջինը, ով նշում է այս գրառումը!
|
MARC
| LEADER | 00000nam a22000007a 4500 | ||
|---|---|---|---|
| 003 | cru CIDCACS/IIS | ||
| 005 | 20200925161324.0 | ||
| 007 | ta | ||
| 008 | 170324e2016 ag ||||| |||| 00| 0 spa d | ||
| 040 | |c CRAI/IIS |a CRAI/IIS | ||
| 090 | |a REV0712 (262) 2016 | ||
| 100 | 1 | |9 3933 |a Krzywoszynska, Anna | |
| 245 | 1 | |a Despilfarro; |b el escándalo global de la comida / |c Anna Krzywoszynska | |
| 300 | |a páginas 76-82 | ||
| 773 | 0 | |0 19022 |9 513 |a Fundación Friedrich Ebert |d Fundación Friedrich Ebert; Nueva Sociedad |o R19032 |t Nueva Sociedad / | |
| 942 | |2 ddc |c PP | ||
| 999 | |c 19119 |d 19119 | ||
